Logo CIB grande

SISTEMAS AGROFORESTALES APLICABLES EN LA SIERRA ECUATORIANA: RESULTADOS DE UNA DECADA DE EXPERINECIAS DE CAMPOA (Registro nro. 224326)

Detalles MARC
000 -LEADER
campo de control de longitud fija 00767nam a2200265Ia 4500
005 - FECHA Y HORA DE LA ÚLTIMA TRANSACCIÓN
campo de control 20250425162209.0
008 - DATOS DE LONGITUD FIJA--INFORMACIÓN GENERAL
campo de control de longitud fija 250425s9999 xx 000 0 und d
020 ## - NÚMERO INTERNACIONAL ESTÁNDAR DEL LIBRO
Número Internacional Estándar del Libro 9978439897
041 ## - CÓDIGO DE IDIOMA
Código de lengua del texto/banda sonora o título independiente spa
082 ## - NÚMERO DE LA CLASIFICACIÓN DECIMAL DEWEY
Número de clasificación 634.956
010 ## - NÚMERO DE CONTROL DE LA BIBLIOTECA DEL CONGRESO
Número de control de LC 55548
100 ## - ENTRADA PRINCIPAL--NOMBRE DE PERSONA
Nombre de persona NIETO CABRERA, CARLOS
245 #0 - MENCIÓN DEL TÍTULO
Título SISTEMAS AGROFORESTALES APLICABLES EN LA SIERRA ECUATORIANA: RESULTADOS DE UNA DECADA DE EXPERINECIAS DE CAMPOA
250 ## - MENCION DE EDICION
Mención de edición 1A ED.
260 ## - PUBLICACIÓN, DISTRIBUCIÓN, ETC.
Lugar de publicación, distribución, etc. Ecuador
Nombre del editor, distribuidor, etc. INIAP
Fecha de publicación, distribución, etc. 2005
260 ## - PUBLICACIÓN, DISTRIBUCIÓN, ETC.
Lugar de publicación, distribución, etc. QUITO
300 ## - DESCRIPCIÓN FÍSICA
Extensión 195
500 ## - NOTA GENERAL
Nota general EN CIBGZ-FIMCP D-30881 PARA ING. AGROP.- MHP.
650 ## - PUNTO DE ACCESO ADICIONAL DE MATERIA--TÉRMINO DE MATERIA
Término de materia o nombre geográfico como elemento de entrada AGROFORESTERIA
650 ## - PUNTO DE ACCESO ADICIONAL DE MATERIA--TÉRMINO DE MATERIA
Término de materia o nombre geográfico como elemento de entrada CONSERVACION
650 ## - PUNTO DE ACCESO ADICIONAL DE MATERIA--TÉRMINO DE MATERIA
Término de materia o nombre geográfico como elemento de entrada RECURSOS NATURALES-ECUADOR
700 ## - ENTRADA AGREGADA--NOMBRE PERSONAL
Nombre de persona GALARZA ROSALES, JEFFERSON
700 ## - ENTRADA AGREGADA--NOMBRE PERSONAL
Nombre de persona RAMOS VEINTIMILLA, RAUL
942 ## - ELEMENTOS DE ENTRADA SECUNDARIOS (KOHA)
Tipo de ítem Koha Libros
Existencias
Estatus retirado Estado de pérdida Estado de daño No para préstamo Biblioteca de origen Biblioteca actual Fecha de adquisición Coste, precio normal de compra Total de préstamos Código de barras Copia número
        FACULTAD DE INGENIERIA MECANICA Y CIENCIAS DE LA PRODUCCION FACULTAD DE INGENIERIA MECANICA Y CIENCIAS DE LA PRODUCCION 10/08/2005 2.00   D-30881 1

Copyright 2025 ESPOL. Todos los derechos reservados.